01233nam a2200181 a 4500041000800000100002800008245012200036260005300158300001100211520067700222650001800899650002200917650002500939650002600964650002300990650001801013662002001031 aspa aCamacho Rojas, Adisedit aPlan de acción para la incorporación de consideraciones de Biodiversidad en la política sectorial de transporte aBogotábInstituto Alexander von Humboldtc2005 a144 p. aSe analiza la formulación de políticas en sectores productivos y el impacto positivo o negativo de su implementación sobre la biodiversidad colombiana. En el documento se presenta un diagnóstico seguido de una propuesta de uso de una metodología de medición que puede ser aplicada al sector teniendo en cuenta que la biodiversidad no es un mercado en el sentido económico estricto. Se analiza el contexto económico internacional en el cual se encuentra inmerso el devenir político y económico del país. Finalmente, se presenta la propuesta de Plan de Acción con algunos instrumentos, actores involucrados y recomendaciones para su puesta en marcha. aBiodiversidad aSector Transporte aPolítica Sectorial aDesarrollo Sostenible aPlanes de Acción aLegislación aColombiacAndes